=LDR 00000nam 2200000 4500 =001 NUTBA000000000002807 =005 20140630114607.0 =006 =007 =008 =020 ##$$a 978-979-050-076-1 =035 ##$$a 0010-061400000000750 =040 ##$$a NBPDMAT =082 ##$$a 635.216 =090 ##$$a 635.216 $b Kar b =100 ##$$a Kardono =245 ##$$a Budidaya dan manfaat bawang, mentimun dan pare / $c Kardono =260 ##$$a Jakarta : $b Armandeta Selaras, $c 2010 =300 ##$$a viii, 92 hlm. : $b ilus. ; $c 25 cm. =650 ##$$a Bawang =850 ##$$a NBPDMAT =990 ##$$a 21402687